The register of Henry Chichele, archbishop of Canterbury, 1414-1443 / (Record no. 26774)
[ view plain ]
| 000 -LEADER | |
|---|---|
| fixed length control field | 01586cam a22002891 4500 |
| 001 - CONTROL NUMBER | |
| control field | 26774 |
| 003 - CONTROL NUMBER IDENTIFIER | |
| rucl marc code | BD-RjUL |
| 005 - DATE AND TIME OF LATEST TRANSACTION | |
| control field | 20211209051051.0 |
| 008 - FIXED-LENGTH DATA ELEMENTS--GENERAL INFORMATION | |
| fixed length control field | 140323m1943 enkh 001 0 eng |
| 035 ## - SYSTEM CONTROL NUMBER | |
| System control number | (BD-RjUL)26845 |
| System control number | (BD-RjUL)26845 |
| 040 ## - CATALOGING SOURCE | |
| Original cataloging agency | DLC |
| Transcribing agency | ICD |
| Modifying agency | OCoLC |
| -- | BD-RjUL |
| Language of cataloging | eng |
| 041 ## - LANGUAGE CODE | |
| Language code of text/sound track or separate title | eng |
| 082 ## - DEWEY DECIMAL CLASSIFICATION NUMBER | |
| Classification number | 283.42 |
| Author mark and year | REG V-1 1943 |
| 110 1# - MAIN ENTRY--CORPORATE NAME | |
| Corporate name or jurisdiction name as entry element | Canterbury, Eng. (Province). |
| Subordinate unit | Archbishop, 1414-1443 (Henry Chichele) |
| 9 (RLIN) | 82295 |
| 245 14 - TITLE STATEMENT | |
| Title | The register of Henry Chichele, archbishop of Canterbury, 1414-1443 / |
| Statement of responsibility, etc. | Edited by E. F. Jacob. |
| 260 ## - PUBLICATION, DISTRIBUTION, ETC. (IMPRINT) | |
| Place of publication, distribution, etc. | Oxford, |
| Name of publisher, distributor, etc. | The Clarendon press, |
| Date of publication, distribution, etc. | 1943. |
| 300 ## - PHYSICAL DESCRIPTION | |
| Pagination | clxxii ,407 p. : |
| Illustrations | front. (v.2: fold. facsim.) ; |
| Size | 26 cm. |
| 500 ## - GENERAL NOTE | |
| General note | Vol. 2 ed. by E. F. Jacob with the assistance of H. C. Johnson. |
| 505 0# - FORMATTED CONTENTS NOTE | |
| Formatted contents note | 1. Introduction: The archbishop. The archbishop's administration: pt. 1. Bulls of provision and other documents relating to the appointment of the higher clergy. pt. 2. Institutions, exchanges, etc., in the Diocese of Canterbury and in vacant sees. Appendix: Lists of benefices, etc. 1943.--2. Wills approved before the archbishop or his commissaries. 1938.--3. pt. 1. Minutes of convocation, Province of Canterbury. pt. 2. Registers of vacant sees. pt. 3. The archbishop's visitations. Appendix: Summary of convocations recorded in the register. |
| 650 #0 - SUBJECT ADDED ENTRY--TOPICAL TERM | |
| Topical term or geographic name as entry element | Wills |
| Geographic subdivision | England |
| -- | Canterbury. |
| 9 (RLIN) | 71265 |
| 651 #0 - SUBJECT ADDED ENTRY--GEOGRAPHIC NAME | |
| Geographic name | Great Britain |
| General subdivision | Church history |
| -- | Sources. |
| 9 (RLIN) | 71266 |
| 700 1# - ADDED ENTRY--PERSONAL NAME | |
| Personal name | Jacob, E. F. |
| Fuller form of name | (Ernest Fraser), |
| Dates associated with a name | 1894-1971, |
| Relator term | ed. |
| 942 ## - ADDED ENTRY ELEMENTS (KOHA) | |
| Source of classification or shelving scheme | Dewey Decimal Classification |
| Koha item type | Books |
| Lost status | Source of classification or shelving scheme | Damaged status | Not for loan | Collection code | Permanent Location | Current Location | Shelving location | Date acquired | Total Checkouts | Full call number | Date last seen | Copy number | Koha item type |
|---|---|---|---|---|---|---|---|---|---|---|---|---|---|
| Dewey Decimal Classification | Added to bundle | Non-fiction | Central Library, University of Rajshahi | Central Library, University of Rajshahi | Reading Room | 23/03/2014 | 283.42 REG V-1 1943 | 23/03/2014 | C-1 | Books |